000 01235nam a2200277 a 4500
001 13191
003 BD-JhCC
005 20230720092946.0
008 230720s20182019bg |||| |||| 000 0 eng d
020 _a9789849103851
035 _a(BD-JhCC)13191
040 _aBD-JhCC
_dBD-JhCC
041 _aben
082 _a297.18
_bSAR 2019
100 _aসারওয়ার, মাওলানা মুহাম্মাদ ওয়াইস
245 _aহযরত আব্দুল্লাহ ইবনে আব্বাস রাযি. -এর ১০০ ঘটনা /
_cমাওলানা মুহাম্মাদ ওয়াইস সারওয়ার ; মুফতি আমিনুল ইসলাম (অনু.)
260 _aঢাকা :
_bআনোয়ারা লাইব্রেরি,
_c২০১৯
300 _a১৩৫ পৃ. :
_c২১ সেমি.
490 _aশতো ঘটনা সিরিজ-১২
504 _aগ্রন্থপঞ্জি সংযোজিত।
600 _aHazrat Abullah Ibn Abbas Raz.
650 _aMuslim legend
650 _ajuvenile literature
700 _aইসলাম, মুফতি আমিনুল
942 _2ddc
_cBK
999 _c13191
_d13191